| 000 | 00512 a2200169 4500 | ||
|---|---|---|---|
| 003 | OSt | ||
| 005 | 20231028144625.0 | ||
| 008 | 231028b |||||||| |||| 00| 0 eng d | ||
| 020 | _a9789354827143 | ||
| 040 | _coclc | ||
| 082 |
_a894.8123 _bRAJ/P |
||
| 100 |
_aRajeevan, T P _96893 |
||
| 245 |
_aPALERI MANIKYAM ORU PATHIRAKOLAPATHAKATHINTE KATHA / _cT P Rajeevan |
||
| 260 |
_aKottayam: _bD C Books, _c2022. |
||
| 300 |
_a360p _c21cm |
||
| 942 |
_2ddc _cBK _h894.8123 _iRAJ/P _k894.8123 _mRAJ/P |
||
| 999 |
_c42893 _d42893 |
||